000 005750000a22001810004500
003 MACL
005 20160223173803.0
008 160223b xxu||||| |||| 00| 0 eng d
040 _aMACL
_cMACL
041 _aHindi
082 _a610
100 _aश्रीमती सुमित्रा भार्गव
_939889
245 _aस्‍वास्‍थ्‍य के लिये क्‍या खायें
260 _bअशोक प्रकाशन
_c1955
_aलखनउ
350 _a2
650 _aMedical Sci.
_933115
942 _cHIN
_k610
_2ddc
999 _c24939
_d24939